Mushirul Hasan (Record no. 142153)

MARC details
000 -LEADER
fixed length control field 00858nam a2200265Ia 4500
003 - CONTROL NUMBER IDENTIFIER
control field OSt
005 - DATE AND TIME OF LATEST TRANSACTION
control field 20220918172002.0
008 - FIXED-LENGTH DATA ELEMENTS--GENERAL INFORMATION
fixed length control field 220917b |||||||| |||| 00| 0 eng d
020 ## - INTERNATIONAL STANDARD BOOK NUMBER
International Standard Book Number 9788194428770 (pbk)
037 ## - SOURCE OF ACQUISITION
Terms of availability Textual
040 ## - CATALOGING SOURCE
Original cataloging agency ARTS
Transcribing agency ARTS
Language of cataloging eng
041 ## - LANGUAGE CODE
Source of code eng
Language code of text/sound track or separate title eng
100 ## - MAIN ENTRY--PERSONAL NAME
Personal name Vasudevan Hari S. Ed.
9 (RLIN) 39691
245 #0 - TITLE STATEMENT
Title Mushirul Hasan
Remainder of title intellectual and institutional journey
260 ## - PUBLICATION, DISTRIBUTION, ETC.
Place of publication, distribution, etc. Delhi
Name of publisher, distributor, etc. Primus Books India
Date of publication, distribution, etc. 2020
300 ## - PHYSICAL DESCRIPTION
Extent xii,196p.
Dimensions cm.
650 ## - SUBJECT ADDED ENTRY--TOPICAL TERM
Topical term or geographic name entry element INDIA - HISTORY
700 ## - ADDED ENTRY--PERSONAL NAME
Personal name Das Surajan Ed.
9 (RLIN) 39692
942 ## - ADDED ENTRY ELEMENTS (KOHA)
Classification part V2xN49, R0
Koha item type Textual
Source of classification or shelving scheme Colon Classification (CC)
Holdings
Withdrawn status Lost status Damaged status Not for loan Home library Current library Date acquired Source of acquisition Total Checkouts Full call number Barcode Date last seen Price effective from Koha item type
        Arts Library Arts Library 2022-09-18 IN3863/2019-20, 11/03/2020, R. K. Books   V2xN49 R0 AL1665440 2022-09-18 2022-09-18 Textual
Copyright @ Delhi University Library System